Empedokles /

Main Author: Hölderlin, Friedrich, 1770-1843
Other Authors: Seebaß, Friedrich, 1887-1963
Language: German
Published: Leipzig : Philipp Reclam jun., [1942]
Series: Universal-Bibliothek
Physical Description: 130 stran ; 16 cm
Language note: Tištěno švabachem
Book
Saved in:
LEADER 01142nam a22003137i 4500
001 001916071
003 CZ BrMZK
005 20241115132410.0
007 ta
008 241115s1942 gw er|||||||||||ger d
040 |a BOA001  |b cze  |e rda 
072 7 |a 821.112.2-2  |x Německé drama, německy psané  |2 Konspekt  |9 25 
100 1 |a Hölderlin, Friedrich,  |d 1770-1843  |7 jn19990003695  |4 aut 
245 1 0 |a Empedokles /  |c Friedrich Hölderlin ; herausgegeben mit einer einfuhrung von Friedrich Seebass 
264 1 |a Leipzig :  |b Philipp Reclam jun.,  |c [1942] 
300 |a 130 stran ;  |c 16 cm 
336 |a text  |b txt  |2 rdacontent 
337 |a bez média  |b n  |2 rdamedia 
338 |a svazek  |b nc  |2 rdacarrier 
490 1 |a Universal-Bibliothek ;  |v 7500 
546 |a Tištěno švabachem 
650 0 7 |a německé drama  |7 ph123506  |2 czenas 
655 7 |a německá dramata  |7 fd132938  |2 czenas 
700 1 |a Seebaß, Friedrich,  |d 1887-1963  |7 xx0058800  |4 edt 
830 0 |a Universal-Bibliothek 
910 |a BOA001  |b 1-0073.819,7500 
990 |a BK 
991 |b 202410 
996 6 |b 2618767391  |c 1-0073.819,7500  |l MZK  |r Sklad / do 1 hodiny  |n 0  |w 001985372  |u 000010  |a 1  |e BOA001  |j MZK50  |s P